00970 2200337 4500001002100000005001500021035002000036007000300056040001700059100003500076245010100111250001200212300003300224020002200257041000800279082001000287084001600297090001900313264003600332336002100368337003000389338002300419650001400442850001000456008004100466700003700507990002200544990002200566990002200588990002200610INLIS00000000000735320260602033841 a0010-0822000327ta aSBPUPADbind0 aTim kreatif RainbowePengarang1 aSeri Creative Guntig Tempel :bAku Mengenal Hewan /cTim Kreatif Rainbow ; editor, Purindraswari a.-cet.1 a13 hlm. :bilus. ;c20x28 cm a978-602-53860-1-507aind a372.2 a372.2 TIM g a620 DIK p 19-2 a.--Yogyakarta :bRainbow,c2019 2rdacontentateks 2rdamediaatanpa perantara 2rdacarrieravolume 4aPelajaran aPUPAD260602 0 0 aEditor, PurindraswariePengarang a36.687/B/DPK/2022 a36.688/B/DPK/2022 a36.689/B/DPK/2022 a36.689/B/DPK/2022